| 000 | 00386nam a2200157Ia 4500 | ||
|---|---|---|---|
| 008 | 210719s2000 xx 000 0 und d | ||
| 041 | _aeng | ||
| 082 | _a297.122K SAIK | ||
| 100 | _aSAIYAD ABUL ALA MAUDUDIRA | ||
| 245 | _aKuran bhavanuvada, | ||
| 260 |
_aBengaluru _bShanti Prakashana _c2000 |
||
| 300 |
_a899 _bHB |
||
| 365 |
_b100 _cRs |
||
| 650 | _aIslam | ||
| 906 | _aKuran Koran | ||
| 999 |
_c213467 _d213467 |
||